000 00426nam a2200133Ia 4500
008 211109s9999||||xx |||||||||||||| ||und||
082 _a494.812 034 20
_bGUN-G
100 _aGundert, Hermann
245 0 _aGundert Dictionary(malayalam-English-malayalam)
260 _bVidyarthi Mithram
_aKottayam
_c1972
630 _xPGR-HERMAN GUNDART COLLECTION
650 _aLANGUAGE
_vMALAYALAM LANGUAGE
_xDICTIONARYMalayalam
942 _cBOOK
999 _c72652
_d72652